Cuestin̤

Detalles Bibliográficos
Formato: eBook
Lenguaje:español
Publicado: Mx̌ico Federacin̤ Nacional de la Asociacin̤ Mx̌icana de Colegios de Contadores Pb︢licos (FNAMCP) 2014
Materias:
Acceso en línea:Acceso restringido

MARC

LEADER 00000nam a22000007a 4500
005 20151026130241.0
007 cr|||| ||u|
008 151026s20149999mx q||p|s|||| 0|||b1spa d
022 |a 1870-2414  
035 |a 12904 
040 |a vLex 
090 |c 5621  |d 5621 
245 1 0 |a Cuestin̤  |h [Recurso electrn̤ico] /   |c Federacin̤ Nacional de la Asociacin̤ Mx̌icana de Colegios de Contadores Pb︢licos (FNAMCP)  
256 |a Servicio en ln̕ea 
260 |a Mx̌ico  |b Federacin̤ Nacional de la Asociacin̤ Mx̌icana de Colegios de Contadores Pb︢licos (FNAMCP)   |c 2014 
300 |a 1 recurso electrn̤ico  
310 |a Trimestral 
500 |a Emisin̤ trimestral 
506 1 |a Contenido solo disponible en los productos indicados  |d vLex Global  |d vLex Global (Academic Edition, excluding Law Schools)  |d vLex Global (U.S. Academic Edition, Law Schools)  |d vLex Global (U.S. Academic Edition, excluding Law Schools)  |d vLex Global (Academic Edition, Law Schools) 
650 0 4 |a Derecho  |z Mx̌ico 
740 0 |a vLex libros (servicio en ln̕ea) 
856 4 0 |u http://vlex.com/source/cuestion-12904  |z Acceso restringido 
942 |c REV 
999 0 |a Law